| 000 | 00381nam a2200157Ia 4500 | ||
|---|---|---|---|
| 999 |
_c2557 _d2557 |
||
| 003 | OSt | ||
| 005 | 20200311055043.0 | ||
| 008 | 200302s9999 xx 000 0 und d | ||
| 020 | _a9788131808146 | ||
| 100 | _aR. K. Bansal | ||
| 245 | _aA Text Book of Strength of Materials 4th ed. | ||
| 260 | _bLaxmi Publication Pvt. Ltd. | ||
| 260 | _c2007 | ||
| 300 | _a1092 P., | ||
| 942 | _2ddc | ||